000 00451nmm a2200157Ia 4500
008 251105s9999||||xx |||||||||||||||||und||
041 _aspa
100 _aCastarnado, Toni
245 0 _aEllas cantan, Ellas hablan
264 _a[Madrid, España] :
_bSílex Ediciones,
_c2019
300 _a487 páginas
490 _aSerie Historia
650 _aGender and Women Studies
856 _uhttps://public.digitaliapublishing.com/a/63009
942 _cCF
999 _c100627
_d100627